Music Quiz

Random Music or Lyrics Quiz
Score 0/237 Timer 07:00
0 Plays Today
% Correct
the
99.7%
The
99.7%
the
99.7%
the
99.7%
a
99.7%
and
99.7%
And
99.7%
a
99.7%
and
99.7%
the
99.7%
and
99.7%
a
99.7%
and
99.7%
the
99.7%
and
99.7%
a
99.7%
and
99.7%
the
99.7%
and
99.7%
a
99.7%
and
99.7%
the
99.7%
and
99.7%
and
99.7%
the
99.7%
a
99.7%
and
99.7%
the
99.7%
and
99.7%
a
99.7%
and
99.7%
I
99.2%
I
99.2%
I
99.2%
I
99.2%
I
99.2%
I
99.2%
I
99.2%
I
99.2%
I
99.2%
I
99.2%
she
98.1%
she
98.1%
she
98.1%
she
98.1%
brick
97.6%
brick
97.6%
brick
97.6%
brick
97.6%
brick
97.6%
brick
97.6%
I'm
97%
I'm
97%
I'm
97%
I'm
97%
I'm
97%
I'm
97%
I'm
97%
I'm
97%
I'm
97%
I'm
97%
I'm
97%
She's
96.3%
She's
96.3%
she's
96.3%
She's
96.3%
She's
96.3%
She's
96.3%
She's
96.3%
She's
96.3%
slowly
95%
slowly
95%
slowly
95%
slowly
95%
slowly
95%
slowly
95%
drowning
94.7%
drowning
94.7%
drowning
94.7%
% Correct
drowning
94.7%
drowning
94.7%
drowning
94.7%
of
93.9%
now
93.9%
Now
93.9%
of
93.9%
Now
93.9%
her
93.6%
Her
93.6%
her
93.6%
her
93.6%
her
93.6%
to
93.4%
to
93.4%
to
93.4%
to
93.4%
to
93.4%
to
93.4%
am
93%
am
93%
we
92.1%
on
91.7%
on
91.7%
day
91.1%
Six
91%
after
90.6%
is
90.3%
is
90.3%
is
90.3%
headed
90.3%
nowhere
90.3%
headed
90.3%
nowhere
90.3%
headed
90.3%
nowhere
90.3%
Christmas
90.1%
off
89.5%
off
89.5%
off
89.5%
coast
88.7%
coast
88.7%
coast
88.7%
in
88.2%
down
86.5%
not
86.5%
alone
86.5%
down
86.5%
not
86.5%
alone
86.5%
it
86.5%
not
86.5%
down
86.5%
down
86.5%
alone
86.5%
alone
86.5%
alone
86.5%
it
86.5%
that
86.4%
that
86.4%
that
86.4%
some
85.7%
some
85.7%
Up
84.4%
up
84.4%
car
83.7%
apartment
83.6%
apartment
83.6%
went
82.9%
went
82.9%
They
82.8%
They
82.8%
mom
80.9%
dad
80.9%
dark
80.7%
have
80.1%
have
80.1%
clothes
79.9%
it's
79.5%
% Correct
it's
79.5%
out
79.3%
freezing
79.2%
seat
79.1%
ever
78.9%
ever
78.9%
stairs
78.8%
before
78.8%
before
78.8%
me
78.7%
me
78.7%
than
78.4%
than
78.4%
Charlotte
78.1%
more
78.1%
more
78.1%
couch
77.9%
smell
77.4%
cold
77.4%
feeling
77.2%
feeling
77.2%
got
76.7%
us
76.4%
They're
75.8%
for
75.8%
for
75.8%
find
75%
know
75%
you
74.2%
gifts
73.1%
flowers
72.8%
balled
72.7%
was
72.6%
was
72.6%
throw
72.5%
home
71.9%
buy
71.8%
drive
71.3%
found
69.5%
you're
69.5%
has
69.5%
time
69.1%
parking
69%
lot
68.9%
see
68.9%
at
68.7%
we're
68.7%
world
68.6%
someone
68.6%
sell
68.6%
call
68.3%
walk
67.9%
seven
67.7%
tell
67.4%
As
66.8%
around
66.6%
name
66.5%
broke
66.5%
broke
66.5%
thirty
66.4%
tired
66.1%
Can't
65.7%
sleeping
65.6%
dying
65.2%
truth
65.2%
lying
65%
by
64.1%
son
64%
pace
63.2%
told
62.9%
Then
62.8%
fine
62.3%
cause
60.3%
weeks
60.1%
numb
57.6%
back
57.4%
moment
55.2%
showed
54%
Driving
47.2%
Remove Ads.
Support Sporcle.
Get the best of Sporcle when you Go Orange. This ad-free experience offers more features, more stats, and more fun while also helping to support Sporcle. Thank you for becoming a member.

You're not logged in!

Compare scores with friends on all Sporcle quizzes.
OR
Log In

Show Comments

Extras

Top Quizzes Today


Score Distribution

Your Account Isn't Verified!

In order to create a playlist on Sporcle, you need to verify the email address you used during registration. Go to your Sporcle Settings to finish the process.

Report this User

Report this user for behavior that violates our Community Guidelines.

Details: